| 000 | 00337nam a22001337a 4500 | ||
|---|---|---|---|
| 008 | 170922b xxu||||| |||| 00| 0 eng d | ||
| 020 | _a9781575420042 | ||
| 041 | _aeng | ||
| 080 | _a37 | ||
| 100 | _a46 | ||
| 101 | _aEDU | ||
| 245 |
_aTEACHING KIDS WITH LEARNING DIFFICULTIES IN THE REGULAR CLASSROOM _cWINEBRENNER,S |
||
| 942 |
_2udc _cBK |
||
| 999 |
_c29191 _d29191 |
||